All Chinese dynasties - Statistics

General Stats
  • This quiz has been taken 72 times
  • The average score is 13 of 19
Answer Stats
Period Answer % Correct
221 BC - 207 BC Qin Dynasty
96%
1644-1912 Qing Dynasty
89%
206 BC - 9 AD Han Dynasty
87%
23 AD - 220 AD Han Dynasty
87%
1368 - 1644 Ming Dynasty
85%
960-1279 Song Dynasty
81%
618-690 Tang Dynasty
79%
705-907 Tang Dynasty
79%
1271-1368 Yuan Dynasty
77%
1675 BC - 1046 BC Shang Dynasty
66%
2175 BC -1675 BC Xia Dynasty
66%
1046 BC - 256 BC Zhou Dynasty
64%
690-705 Zhou Dynasty
64%
265 - 420 Jin Dynasty
57%
1115-1234 Jīn Dynasty
57%
581-618 Sui Dynasty
49%
9 AD - 23 AD Xin Dynasty
38%
907-1125 Liao Dynasty
32%
1032-1227 Western Xia Dynasty
9%
No matching quizzes found
Score Distribution
Percent of People with Each Score
Percentile by Number Answered
Your Score History
You have not taken this quiz